Életkori különbségek problémája a történelemoktatásban

Elmentve itt :
Bibliográfiai részletek
Szerző: Szappanos Tünde
További közreműködők: Rigóné Dr. Péter Irén (Témavezető)
Dokumentumtípus: Szakdolgozat
Megjelent: 2000
Tárgyszavak:
Online Access:http://diploma.bibl.u-szeged.hu/56050
LEADER 00579nta a2200157 i 4500
001 dipl56050
005 20160324102227.0
008 160324s2000 hu om 0|| hun d
040 |a SZTE Diploma Repozitórium  |b hun 
041 |a hun 
100 1 |a Szappanos Tünde 
245 1 0 |a Életkori különbségek problémája a történelemoktatásban  |h [elektronikus dokumentum] /  |c Tünde Szappanos 
260 |c 2000 
650 4 |a Bölcsészettudományok 
700 2 |a Rigóné Dr. Péter Irén  |e ths 
856 4 0 |u http://diploma.bibl.u-szeged.hu/id/eprint/56050/1/2000_szappanos_tunde.pdf  |z Dokumentum-elérés